[Event "CICC"]
[Site "Calgary CAN"]
[Date "2010.05.20"]
[Round "1"]
[White "Day,L"]
[Black "De Firmian,N"]
[Result "0-1"]
[WhiteElo "2288"]
[BlackElo "2549"]

1.d4 Nf6 2.c4 e6 3.g3 c5 4.d5 exd5 5.cxd5 d6 6.Nc3 g6 7.Bg2 Bg7 8.Nf3 O-O
9.O-O Nbd7 10.Bf4 Qe7 11.h3 Nh5 12.Bg5 f6 13.Bd2 f5 14.Qc1 Ne5 15.Bg5 Qe8
16.Nxe5 Bxe5 17.Bh6 Rf7 18.Bf3 Nf6 19.Bf4 Bd7 20.Bxe5 Qxe5 21.Qf4 Qxf4 22.gxf4 b5
23.Rfc1 a5 24.a4 b4 25.Nd1 Bc8 26.Ne3 Ba6 27.Nc4 Bxc4 28.Rxc4 Nd7 29.b3 Nb6
30.Rc2 Rc7 31.e3 c4 32.bxc4 Rxc4 33.Rxc4 Nxc4 34.Be2 Rc8 35.Kf1 Nb6 36.Bb5 Rc3
37.Ke1 Kf8 38.Kd2 Nxd5 39.Rc1 Rxc1 40.Kxc1 Nc3 41.Bc6 d5 42.f3 Ke7 43.Kd2 Kd6
44.Be8 d4 45.exd4 Nd5 46.Kd3 Nxf4+ 47.Kc4 Nxh3 48.Bf7 Nf4 49.Kb5 Nd5 50.Kc4 Nc7
51.Bg8 h5  0-1

[Event "CICC"]
[Site "Calgary CAN"]
[Date "2010.05.21"]
[Round "2"]
[White "De Firmian,N"]
[Black "Fedorowicz,J"]
[Result "1/2-1/2"]
[WhiteElo "2549"]
[BlackElo "2456"]

1.e4 c5 2.Nf3 d6 3.d4 cxd4 4.Bb5+ Bd7 5.Bxd7+ Nxd7 6.Nxd4 Ngf6 7.Nc3 a6 8.O-O e6
9.a4 Be7 10.b3 O-O 11.Bb2 Qc7 12.Re1 Rfe8 13.h3 Bf8 14.Qf3 Rac8 15.Rad1 Qb8
16.Re2 b6 17.Qg3 Qb7 18.Kh1 Nc5 19.f3 Nh5 20.Qh4 Nf6 21.Qg3 Nh5 22.Qg5 Nf6
23.Qg3 Nh5 24.Qg4 Nf6 25.Qg3  1/2-1/2

[Event "CICC"]
[Site "Calgary CAN"]
[Date "2010.05.22"]
[Round "4"]
[White "De Firmian,N"]
[Black "Torre,E"]
[Result "1/2-1/2"]
[WhiteElo "2549"]
[BlackElo "2506"]

1.e4 e5 2.Nf3 Nc6 3.Bb5 a6 4.Ba4 Nf6 5.O-O Be7 6.Re1 b5 7.Bb3 d6 8.c3 O-O
9.h3 a5 10.d4 a4 11.Bc2 Bd7 12.Nbd2 Re8 13.Nf1 h6 14.Ng3 Bf8 15.Be3 Na5 16.b3 axb3
17.axb3 Qb8 18.Qd2 Qb7 19.c4 Nc6 20.d5 Nb8 21.Rxa8 Qxa8 22.Qc3 bxc4 23.bxc4 c5
24.Ra1 Na6 25.Ba4 Bxa4 26.Rxa4 Qb7 27.Nd2 Ra8 28.f4 Nd7 29.Nf3 f6 30.fxe5 Nxe5
31.Nxe5 fxe5 32.Kh2 Nc7 33.Rxa8 Qxa8 34.Qb3 Ne8 35.Bd2 g6 36.Qb6 Nf6 37.Ba5 h5
38.Qd8 Qxd8 39.Bxd8 Nd7 40.Ne2 Kf7 41.Kg3 Ke8 42.Bc7 Nf6 43.Kf3 Kd7 44.Ba5 Bh6
45.Be1 Nh7 46.Nc3 Bc1 47.Ke2 Bg5 48.Nb5 Bd8 49.Bd2 Bg5 50.Ba5 Be7 51.Ke3 Ng5
52.Bd2  1/2-1/2

[Event "CICC"]
[Site "Calgary CAN"]
[Date "2010.05.22"]
[Round "5"]
[White "De Firmian,N"]
[Black "Castellanos Rodriguez,R"]
[Result "1-0"]
[WhiteElo "2549"]
[BlackElo "2465"]

1.e4 c5 2.Nf3 e6 3.d4 cxd4 4.Nxd4 a6 5.Bd3 Bc5 6.Nb3 Be7 7.O-O d6 8.c4 Nf6
9.Nc3 b6 10.a4 Nc6 11.Be3 O-O 12.Nd4 Ne5 13.Be2 Bb7 14.f4 Ned7 15.Bf3 Qc7
16.Rc1 Nc5 17.Qc2 Rac8 18.g4 h6 19.h4 Nh7 20.Kg2 Bxh4 21.Rh1 Be7 22.g5 Rfe8
23.gxh6 g6 24.Nde2 Bf6 25.Rcd1 Nd7 26.b3 Nc5 27.Kf2 Rcd8 28.Rhg1 Kh8 29.Rg4 Ba8
30.Rd2 Nf8 31.Rg1 Kh7 32.Rgd1 Bh8 33.Ng1 Bf6 34.Nh3 Kg8 35.Kg1 Nh7 36.Bg2 Be7
37.f5 Bf6 38.fxg6 fxg6 39.b4 Nd7 40.Rxd6 Be5 41.R6d3 Ndf6 42.Rxd8 Rxd8 43.Rxd8+ Qxd8
44.Nf2 Nh5 45.Ne2 N7f6 46.c5 b5 47.axb5 axb5 48.Qa2 Kf7 49.Bh3 Qc8 50.Bd4 Bxd4
51.Nxd4 Nf4 52.Bxe6+ Nxe6 53.Nxe6 Qxe6 54.Qxa8 Qc4 55.Qb7+ Ke6 56.Qc6+ Kf7
57.Qc7+ Ke6 58.Qd6+ Kf7 59.e5 Qc1+ 60.Kg2 Qg5+ 61.Kf1 Qc1+ 62.Ke2 Qc2+ 63.Qd2 Qc4+
64.Qd3 Qe6 65.Qd6 Qc4+ 66.Kf3 Nd5 67.e6+ Kf6 68.e7+ Kf7 69.e8=Q+ Kxe8 70.Qxg6+ Kd8
71.Qg5+ Kc7 72.Qe5+ Kc6 73.h7 Qb3+ 74.Kg2 Ne3+ 75.Kh2 Nf1+ 76.Kg1 Nd2 77.Qd6+  1-0

[Event "CICC"]
[Site "Calgary CAN"]
[Date "2010.05.23"]
[Round "6"]
[White "Mikhalevski,V"]
[Black "De Firmian,N"]
[Result "1-0"]
[WhiteElo "2614"]
[BlackElo "2549"]

1.d4 Nf6 2.c4 e6 3.g3 c5 4.d5 exd5 5.cxd5 d6 6.Nc3 g6 7.Bg2 Bg7 8.Nf3 O-O
9.O-O Nbd7 10.a4 Ng4 11.h3 Nge5 12.Ng5 Nc4 13.f4 a6 14.e4 Rb8 15.Qc2 Na5
16.Kh2 b5 17.Nf3 Re8 18.axb5 axb5 19.e5 dxe5 20.Ne4 Qb6 21.fxe5 Nxe5 22.Nxe5 Bxe5
23.Nxc5 Bd4 24.Bf4 Bf5 25.Qd2 Qxc5 26.Rxa5 Be3 27.Bxe3 Qxe3 28.Rf2 Qb6 29.Ra3 Be4
30.d6 Bxg2 31.Kxg2 Rbd8 32.Rd3 Re6 33.Qf4 Qc6+ 34.Kh2 Rexd6 35.Qxf7+ Kh8
36.Qe7  1-0

[Event "CICC"]
[Site "Calgary CAN"]
[Date "2010.05.23"]
[Round "7"]
[White "De Firmian,N"]
[Black "Haessel,D"]
[Result "1/2-1/2"]
[WhiteElo "2549"]
[BlackElo "2207"]

1.e4 e5 2.Nf3 Nf6 3.Nxe5 d6 4.Nf3 Nxe4 5.d4 d5 6.Bd3 Bd6 7.O-O O-O 8.c4 c6
9.cxd5 cxd5 10.Nc3 Nxc3 11.bxc3 Bg4 12.Rb1 Nd7 13.h3 Bh5 14.Rb5 Nf6 15.c4 Bxf3
16.Qxf3 dxc4 17.Bc2 Qc7 18.a4 a6 19.Rb1 Rab8 20.Bh6 Qc6 21.Qc3 g6  1/2-1/2

[Event "CICC"]
[Site "Calgary CAN"]
[Date "2010.05.24"]
[Round "9"]
[White "De Firmian,N"]
[Black "Piasetski,L"]
[Result "1/2-1/2"]
[WhiteElo "2549"]
[BlackElo "2301"]

1.e4 Nf6 2.e5 Nd5 3.d4 d6 4.Nf3 dxe5 5.Nxe5 c6 6.c4 Nb4 7.Be3 Bf5 8.Nd3 e5
9.Nxb4 Bxb4+ 10.Nc3 exd4 11.Bxd4 O-O 12.Be2 Na6 13.O-O Bc5 14.Bxc5 Nxc5 15.Qxd8 Raxd8
16.Rfd1 a5 17.f3 f6 18.Kf2 Kf7 19.Rac1  1/2-1/2

[Event "National Open"]
[Site "Las Vegas USA"]
[Date "2010.06.11"]
[Round "1"]
[White "De Firmian,N"]
[Black "Furman,L2"]
[Result "1-0"]
[WhiteElo "2549"]
[BlackElo "2150"]

1.e4 e6 2.d4 d5 3.Nc3 Bb4 4.e5 c5 5.a3 Bxc3+ 6.bxc3 Ne7 7.Nf3 Bd7 8.dxc5 Ba4
9.Rb1 Qc7 10.Bd3 Nd7 11.Rb4 Bc6 12.Be3 Nxe5 13.Nxe5 Qxe5 14.O-O Ng6 15.Bd4 Qg5
16.g3 Nf4 17.h4 Qh6 18.gxf4 a5 19.Rb6 Qxf4 20.Qh5 h6 21.Re1 Kf8 22.Re3 f6
23.Rxe6 Qc1+ 24.Kg2 Bd7 25.Rxf6+ gxf6 26.Rxf6+ Ke7 27.Rf7+ Kd8 28.Rxd7+ Kc8
29.Qxd5  1-0

[Event "National Open"]
[Site "Las Vegas USA"]
[Date "2010.06.11"]
[Round "2"]
[White "Young,G"]
[Black "De Firmian,N"]
[Result "1-0"]
[WhiteElo "2268"]
[BlackElo "2549"]

1.e4 c5 2.Nf3 d6 3.d4 cxd4 4.Nxd4 Nf6 5.Nc3 a6 6.Bc4 e6 7.Bb3 Nc6 8.Be3 Be7
9.f4 O-O 10.O-O Nxd4 11.Bxd4 b5 12.e5 dxe5 13.fxe5 Nd7 14.Ne4 Bb7 15.Nd6 Bxd6
16.exd6 Qg5 17.Rf2 a5 18.Qe2 Bc6 19.a3 Rab8 20.Rd1 Kh8 21.Rd3 e5 22.Rg3 Qc1+
23.Rf1 Qh6 24.Bxe5 Rbe8 25.Re3 Nxe5 26.Rxe5 Qxd6 27.Re1 Qd4+ 28.Kh1 h6 29.c3 Qf4
30.Kg1 Rxe5 31.Qxe5 Qd2 32.Qe2 Rd8 33.Qf2 f5 34.Bc2 f4 35.Qe2 f3 36.gxf3 Qg5+
37.Kf1 b4 38.axb4 axb4 39.c4  1-0

[Event "Philadelphia Open"]
[Site "Philadelphia USA"]
[Date "2011.04.21"]
[Round "2"]
[White "Bartholomew,J"]
[Black "De Firmian,N"]
[Result "1/2-1/2"]
[WhiteElo "2442"]
[BlackElo "2546"]

1.c4 c5 2.g3 Nc6 3.Bg2 g6 4.Nc3 Bg7 5.Nf3 d6 6.O-O e5 7.a3 a5 8.Ne1 Be6 9.d3 Nge7
10.Nc2 d5 11.cxd5 Nxd5 12.Ne3 Nde7 13.Nc4 O-O 14.Bg5 f6 15.Be3 b6 16.Qa4 Qc7
17.f4 Rab8 18.fxe5 Nxe5 19.Nxe5 fxe5 20.g4 Kh8 21.h3 h6 22.Rac1 Kh7 23.Rxf8 Rxf8
24.b4 axb4 25.axb4 e4 26.Nxe4 Nd5 27.Bd2 Nf4 28.Bf1 Bd7 29.Qd1 Bc6 30.Qe1 Bxe4
31.dxe4 Ne6 32.bxc5 bxc5 33.Bc3 Bxc3 34.Rxc3 Qe5 35.Bg2 h5 36.Rb3 Rf7 37.e3 hxg4
38.Qh4+ Kg7 39.Qxg4 c4 40.Rb6 Re7 41.Rc6 Qa1+ 42.Kh2 Qe5+ 43.Kg1 Qa1+  1/2-1/2

[Event "Philadelphia Open"]
[Site "Philadelphia USA"]
[Date "2011.04.21"]
[Round "3"]
[White "De Firmian,N"]
[Black "Harmon,L"]
[Result "0-1"]
[WhiteElo "2546"]
[BlackElo "2128"]

1.e4 e6 2.d4 d5 3.Nc3 Bb4 4.e5 c5 5.a3 Bxc3+ 6.bxc3 Ne7 7.Nf3 Nbc6 8.Be2 Qa5
9.Bd2 Bd7 10.O-O c4 11.Ng5 h6 12.Nh3 O-O-O 13.Nf4 f6 14.exf6 gxf6 15.Nh5 Rdf8
16.Bg4 Qc7 17.Qf3 Ng6 18.Rfe1 f5 19.Bh3 e5 20.Qxd5 Nce7 21.Qf3 e4 22.Qg3 f4
23.Bxd7+ Qxd7 24.Qh3 Qxh3 25.gxh3 Rhg8 26.Rxe4 Rf5 27.Ng3 fxg3 28.hxg3 h5
29.Rae1 Kd7 30.Rb1 b6 31.a4 h4 32.g4 Rf3 33.a5 Nd5 34.axb6 axb6 35.Ra1 Ngf4
36.Re5 Kd6 37.Bxf4 Nxf4 38.Rb1 Rxh3 39.g5 Ne2+ 40.Kg2 Nf4+ 41.Kg1 Kc6 42.Rf5 Rf3
43.Rf6+ Kc7 44.Rfxb6 Rxg5+ 45.Kf1 Rh3 46.Ke1 Rg1+ 47.Kd2 Rxb1 48.Rxb1 Rf3
49.Rb4 h3 50.Rxc4+ Kd7 51.Ra4 Rxf2+ 52.Ke3 Rf1 53.Ra7+ Ke6 54.Rh7 Kf5 55.c4 Kg6
56.Rh8 Kg7 57.Rxh3 Nxh3 58.c5 Ng5 59.d5 Kf6 60.c6 Ke5 61.c4 Rf3+  0-1

[Event "Philadelphia Open"]
[Site "Philadelphia USA"]
[Date "2011.04.22"]
[Round "4"]
[White "Shen,A"]
[Black "De Firmian,N"]
[Result "0-1"]
[WhiteElo "2132"]
[BlackElo "2546"]

1.e4 c5 2.Nf3 Nc6 3.d4 cxd4 4.Nxd4 Nf6 5.Nc3 Qb6 6.Nb3 e6 7.Be3 Qc7 8.Qe2 Bb4
9.Bd2 O-O 10.O-O-O d5 11.exd5 exd5 12.Nb5 Bxd2+ 13.Qxd2 Qb6 14.Nc3 Rd8 15.Bd3 a5
16.Qf4 Be6 17.a3 d4 18.Na4 Qa7 19.Nac5 Bd5 20.Ne4 Bxe4 21.Bxe4 Nxe4 22.Qxe4 a4
23.Nd2 d3 24.cxd3 Qxf2 25.Rhf1 Qc5+ 26.Kb1 Rd7 27.Nf3 h6 28.d4 Qb5 29.d5 Rad8
30.Rfe1 Rxd5 31.Rxd5 Qxd5 32.Qxa4 b5 33.Qe4 Qd6 34.Nh4 b4 35.Nf5 Qd2 36.Qe3 bxa3
37.Qxd2 Rxd2 38.bxa3 Rxg2 39.Rc1 Ne5 40.Rc2 Rg1+ 41.Kb2 g6 42.Nd4 Rd1 43.Ne2 f5
44.a4 g5 45.Kb3 f4 46.a5 Ra1 47.Ra2 Rxa2 48.Kxa2 Nc6 49.Kb3 Nxa5+ 50.Kc3 Kf7
51.h4 Kf6 52.hxg5+ hxg5 53.Kd3 Ke5  0-1

[Event "Philadelphia Open"]
[Site "Philadelphia USA"]
[Date "2011.04.22"]
[Round "5"]
[White "De Firmian,N"]
[Black "Aaron,D"]
[Result "0-1"]
[WhiteElo "2546"]
[BlackElo "2253"]

1.e4 e5 2.Nf3 Nc6 3.Bb5 a6 4.Ba4 Nf6 5.O-O b5 6.Bb3 Bc5 7.a4 Rb8 8.c3 d6
9.d4 Bb6 10.Na3 Bg4 11.axb5 axb5 12.Nxb5 O-O 13.d5 Ne7 14.Bc2 Qd7 15.Na3 Ng6
16.Qd3 Nh5 17.Nc4 Nhf4 18.Nxb6 Rxb6 19.Bxf4 Nxf4 20.Qe3 Rxb2 21.Ba4 Qd8 22.Bd1 f5
23.exf5 Bxf5 24.Qc1 Rb8 25.c4 Qf6 26.Ne1 Qg6 27.Kh1 Bd3 28.Rg1 Qe4 29.c5 Nh3
30.Nxd3 Nxg1 31.Bc2 Nh3 32.f3 Rxf3 33.Nxe5 Qxe5 34.gxf3 Ng5 35.Qe1 Qf6 36.Rb1 Qxf3+  0-1

[Event "Philadelphia Open"]
[Site "Philadelphia USA"]
[Date "2011.04.24"]
[Round "8"]
[White "Bierkens,P"]
[Black "De Firmian,N"]
[Result "0-1"]
[WhiteElo "2137"]
[BlackElo "2546"]

1.e4 c5 2.Nc3 Nc6 3.g3 g6 4.Bg2 Bg7 5.d3 d6 6.Nh3 Rb8 7.O-O Nf6 8.f4 O-O
9.f5 b5 10.Nf4 b4 11.Ncd5 e6 12.Nxf6+ Bxf6 13.fxg6 hxg6 14.Nh3 a5 15.Kh1 a4
16.Bh6 Bxb2 17.Bxf8 Qxf8 18.Rb1 a3 19.Ng5 Ne5 20.Nf3 Qg7 21.Nxe5 Bxe5 22.c4 Bd7
23.Bf3 Qh6 24.Kg2 Qe3 25.Qc2 Kg7 26.Bd1 Bd4 27.Bf3 Rh8 28.Qe2 Qh6 29.Kh1 Ba4
30.Qg2 Qg5 31.Bd1 Bc6 32.Bf3 Qe3 33.e5 Bxf3 34.Qxf3 Qxf3+ 35.Rxf3 Bxe5 36.Kg2 g5
37.Rb3 g4 38.Rf2 f5 39.Rb1 Kf6 40.Re2 Bc3 41.Rh1 e5 42.Rf1 Bd4 43.Rh1 Kg5
44.h4+ gxh3+ 45.Rxh3 Rxh3 46.Kxh3 Bb2 47.Kg2 b3  0-1

[Event "39th World Open"]
[Site "Philadelphia USA"]
[Date "2011.07.02"]
[Round "4"]
[White "De Firmian,N"]
[Black "Troff,Kayden W"]
[Result "1-0"]
[WhiteElo "2526"]
[BlackElo "2255"]

1.e4 c5 2.Nf3 g6 3.d4 cxd4 4.Nxd4 Bg7 5.Nc3 Nc6 6.Be3 Nf6 7.Bc4 O-O 8.Bb3 a5
9.f3 d6 10.Qd2 Bd7 11.a4 Nb4 12.O-O-O Bc6 13.g4 d5 14.g5 Nh5 15.Nxc6 bxc6
16.exd5 cxd5 17.Nxd5 Nxd5 18.Qxd5 Qc7 19.Kb1 e6 20.Qc5 Qb7 21.Rhf1 Rfc8 22.Qb6 Qxb6
23.Bxb6 Be5 24.Rf2 Bf4 25.Rg2 Ng7 26.Rg4 Bxh2 27.f4 Ra6 28.Bf2 e5 29.fxe5 Bxe5
30.Re4 Bd6 31.Be1 Nf5 32.Rd5 Rca8 33.Bc4 R6a7 34.Bd3 Bf8 35.Bd2 Ne7 36.Rb5 Nc6
37.Be3 Rd7 38.Be2 Re7 39.Rxe7 Nxe7 40.Bb6 Nf5 41.Bd3 Ng7 42.Rxa5 Rb8 43.Bd4 Ne6
44.Bf6 Nc5 45.Rb5 Re8 46.a5 Nd7 47.Bd4 Bg7 48.Bxg7 Kxg7 49.Rd5 Nb8 50.Bb5 Re1+
51.Ka2 Re6 52.b4 h5 53.gxh6+ Kxh6 54.Rd8 Na6 55.Kb3 g5 56.Bc4 Rf6 57.b5 Nc5+
58.Kb4 Nb7 59.Rd7 Nd6 60.a6  1-0

[Event "39th World Open"]
[Site "Philadelphia USA"]
[Date "2011.07.03"]
[Round "6"]
[White "Amanov,M"]
[Black "De Firmian,N"]
[Result "1-0"]
[WhiteElo "2509"]
[BlackElo "2526"]

1.d4 Nf6 2.c4 e6 3.Nf3 c5 4.d5 exd5 5.cxd5 d6 6.Nc3 a6 7.a4 g6 8.g3 Bg7 9.Bg2 O-O
10.O-O Nbd7 11.Nd2 Rb8 12.Nc4 Nb6 13.Nxd6 Bg4 14.a5 Qxd6 15.Bf4 Qe7 16.axb6 Rbe8
17.Re1 Nh5 18.Bc7 Bd4 19.Qd2 Qd7 20.e3 Bxc3 21.Qxc3 Bh3 22.Qxc5 Bxg2 23.Kxg2 Nf6
24.Qd4 Ne4 25.h4 f5 26.Rad1 Rf7 27.f3 Nd6 28.Bxd6 Qxd6 29.e4 Rfe7 30.Rc1 fxe4
31.Rxe4 Rd8 32.Rxe7 Qxe7 33.Rc7 Rd7 34.Rxd7 Qxd7 35.d6 Kf7 36.Qd5+ Kf6 37.g4 h6
38.g5+ hxg5 39.hxg5+ Kg7 40.Qe5+ Kg8 41.Qf6 Qe8 42.Kf2 a5 43.b3 a4 44.bxa4 Qxa4
45.Qxg6+ Kf8 46.Qf5+ Kg8 47.Qc8+  1-0

[Event "Manhattan Open"]
[Site "New York USA"]
[Date "2011.08.19"]
[Round "4"]
[White "Lapshun,Y"]
[Black "De Firmian,N"]
[Result "1/2-1/2"]
[WhiteElo "2444"]
[BlackElo "2522"]

1.d4 Nf6 2.c4 e6 3.Nf3 c5 4.e3 d5 5.Nc3 Nc6 6.a3 cxd4 7.exd4 Be7 8.c5 Ne4
9.Qc2 Bf6 10.Bb5 Bd7 11.Bxc6 Bxc6 12.O-O O-O 13.b4 Nxc3 14.Qxc3 a5 15.Bf4 axb4
16.axb4 Qd7 17.Bd6 Rfc8 18.Ra3 Ra4 19.Rfa1 Rca8 20.Ne5 Qe8 21.Rxa4 Rxa4 22.Rxa4 Bxa4
23.Ng4 Bd8 24.Qg3 h5 25.Ne5 Qb5 26.Qf3 f6 27.c6 bxc6 28.Qxh5 fxe5 29.Qe8+ Kh7
30.Qxd8 Qe2 31.Qh4+ Kg8 32.Qd8+ Kh7 33.Qh4+ Kg8  1/2-1/2

[Event "Manhattan Open"]
[Site "New York USA"]
[Date "2011.08.19"]
[Round "5"]
[White "De Firmian,N"]
[Black "Mulyar,M"]
[Result "1/2-1/2"]
[WhiteElo "2522"]
[BlackElo "2410"]

1.e4 e5 2.Nf3 Nc6 3.Bb5 a6 4.Ba4 Nf6 5.O-O b5 6.Bb3 Bc5 7.a4 Rb8 8.c3 d6
9.d4 Bb6 10.axb5 axb5 11.Na3 O-O 12.Nxb5 Bg4 13.Re1 Bxf3 14.gxf3 Nh5 15.Kh1 Qf6
16.Be3 exd4 17.Nxd4 Bxd4 18.Bxd4 Nxd4 19.cxd4 Nf4 20.Re3 Rb5 21.e5 dxe5 22.dxe5 Rxe5
23.Qd7 h6 24.Qxc7 Rxe3 25.fxe3 Ne6 26.Qc2 Qxf3+ 27.Qg2 Qxe3 28.Bc4 Nf4 29.Qb7 Qd4
30.Rc1 Kh7 31.b3 Re8 32.Rf1 f5 33.Qc6 Re3 34.Qa8 Qe4+ 35.Qxe4 Rxe4 36.Rb1 g5
37.Bf1 Nd5 38.Bd3  1/2-1/2

[Event "Manhattan Open"]
[Site "New York USA"]
[Date "2011.08.21"]
[Round "8"]
[White "De Firmian,N"]
[Black "Bonin,J"]
[Result "1-0"]
[WhiteElo "2522"]
[BlackElo "2323"]

1.e4 c5 2.Nf3 Nc6 3.d4 cxd4 4.Nxd4 e5 5.Nb5 d6 6.c4 Be7 7.N1c3 a6 8.Na3 Be6
9.Nc2 Bg5 10.Be2 Bxc1 11.Rxc1 Nf6 12.O-O O-O 13.Qd2 Rc8 14.b4 Qb6 15.Nd5 Bxd5
16.exd5 Ne7 17.Ne3 Ne4 18.Qd3 f5 19.Nxf5 Nxf5 20.Qxe4 Qxb4 21.Rb1 Qd2 22.Rxb7 Nd4
23.Bd3 Qh6 24.f4 Qh4 25.g3 Qh5 26.Kg2 Rf6 27.fxe5 Rxf1 28.Bxf1 Rf8 29.exd6 Nf3
30.h4 g5 31.Bd3 Ne1+ 32.Qxe1 Qf3+ 33.Kh2  1-0

[Event "Oslo GM Open"]
[Site "Oslo NOR"]
[Date "2011.10.02"]
[Round "1"]
[White "De Firmian,N"]
[Black "Sousa,H"]
[Result "1-0"]
[WhiteElo "2516"]
[BlackElo "2238"]

1.e4 c5 2.Nf3 d6 3.d4 cxd4 4.Nxd4 Nf6 5.Nc3 a6 6.a4 e5 7.Nf3 Qc7 8.Bg5 Nbd7
9.Nd2 h6 10.Bh4 b6 11.Bc4 Bb7 12.Ba2 Be7 13.O-O O-O 14.Re1 Rac8 15.Nc4 g5
16.Bg3 Nc5 17.f3 Rfd8 18.Ne3 Ne6 19.Bf2 Nd4 20.Rc1 b5 21.axb5 axb5 22.Ncd5 Nxd5
23.Bxd5 Ne6 24.Bxb7 Qxb7 25.Qd2 Nf4 26.Red1 Bf8 27.g3 Ne6 28.Nd5 Ra8 29.Be3 Bg7
30.c3 Ra2 31.h4 f6 32.Kg2 Qf7 33.Rh1 Nc5 34.Bxc5 dxc5 35.g4 Bf8 36.Kg3 c4
37.Qf2 Qe6 38.Ra1 Rda8 39.Nc7 Qc6 40.Nxa8 Qxa8 41.Rxa2 Qxa2 42.hxg5 hxg5
43.Qb6  1-0

[Event "Oslo GM Open"]
[Site "Oslo NOR"]
[Date "2011.10.03"]
[Round "2.7"]
[White "Getz,N"]
[Black "De Firmian,N"]
[Result "0-1"]
[WhiteElo "2391"]
[BlackElo "2516"]

1.d4 Nf6 2.c4 e6 3.Nc3 Bb4 4.Qc2 O-O 5.a3 Bxc3+ 6.Qxc3 b6 7.Bg5 Bb7 8.e3 d6
9.Ne2 Nbd7 10.Qc2 h6 11.Bh4 e5 12.d5 b5 13.cxb5 Bxd5 14.Nc3 Bb7 15.f3 d5
16.Rd1 c6 17.bxc6 Bxc6 18.Be2 Qb6 19.Bf2 Rab8 20.Rd2 Nc5 21.Nxd5 Bxd5 22.e4 Rfc8
23.exd5 Qd6 24.Qb1 Nb3 25.Rd1 Nd4 26.Bxd4 exd4 27.O-O Nxd5 28.Rxd4 Qb6 29.Rd1 Nc3
30.bxc3 Qxb1 31.Rxb1 Rxb1+ 32.Kf2 Rb2 33.Re4 Rxc3 34.a4 g5 35.h4 Kg7 36.hxg5 hxg5
37.g4 Rcc2 38.Ke1 Ra2 39.Bd1 Rc1 40.Rd4 Kf6 41.Rd7 Rh2 42.Rd8 Ke5 43.Rd7 f6
44.Kf1 Kf4 45.Kg1 Ra2 46.Rd4+ Kg3  0-1

[Event "Oslo GM Open"]
[Site "Oslo NOR"]
[Date "2011.10.04"]
[Round "3.3"]
[White "De Firmian,N"]
[Black "Ostmoe,G"]
[Result "1/2-1/2"]
[WhiteElo "2516"]
[BlackElo "2443"]

1.e4 c6 2.d4 d5 3.e5 Bf5 4.Nf3 e6 5.Be2 c5 6.Be3 cxd4 7.Nxd4 Ne7 8.Nd2 Nbc6
9.N2f3 Bg4 10.O-O Bxf3 11.Nxf3 Nf5 12.Bf4 Be7 13.Bd3 g5 14.Bxf5 exf5 15.Bc1 f4
16.b3 Qd7 17.Bb2 Rg8 18.Re1 O-O-O 19.Nd4 Rg6 20.Qd3 g4 21.Ne2 g3 22.Nxf4 gxf2+
23.Kxf2 Bc5+ 24.Kf1 Rh6 25.h3 Nb4 26.Qf3 Qf5 27.Re2 Rh4 28.g4 Rxh3 29.Qxh3 Qxf4+
30.Kg2 Nxc2 31.Rc1 Rg8 32.Rcxc2 Rxg4+ 33.Kh1 b6 34.b4 Kb8 35.bxc5 Rh4 36.Qxh4 Qxh4+
37.Kg2 Qg4+ 38.Kf1 d4 39.Bxd4 Qxd4 40.cxb6 axb6 41.Rcd2 Qf4+ 42.Ke1 Kc7  1/2-1/2

[Event "Oslo GM Open"]
[Site "Oslo NOR"]
[Date "2011.10.05"]
[Round "5.3"]
[White "De Firmian,N"]
[Black "Volkov,Sergey1"]
[Result "1/2-1/2"]
[WhiteElo "2516"]
[BlackElo "2614"]

1.e4 e6 2.d4 d5 3.Nc3 Nf6 4.Bg5 Bb4 5.e5 h6 6.Bd2 Bxc3 7.bxc3 Ne4 8.Qg4 Kf8
9.Bd3 Nxd2 10.Kxd2 c5 11.Nf3 c4 12.Be2 b5 13.h4 a5 14.a3 Nc6 15.Qf4 Ra7 16.g4 Ke8
17.Rhg1 Qe7 18.g5 hxg5 19.Rxg5 Rh7 20.Qg3 Qf8 21.Rg4 Ne7 22.Bf1 Nf5 23.Qf4 Rb7
24.Bh3 b4 25.axb4 axb4 26.Ra8 bxc3+ 27.Ke2 Kd7 28.Rg1 g6 29.Bxf5 gxf5 30.Qe3 Rg7
31.Rxg7 Qxg7 32.Qxc3 Qg4 33.Qa3 Qe4+ 34.Kd2 Qf4+ 35.Qe3 Qg4 36.Qa3 Qf4+ 37.Qe3 Qg4
38.Ra1 Rc7 39.Kc3 f4 40.Qe2 Qh3 41.Ra3 Rb7 42.Ra1 Rb6 43.Qd1 Qg2 44.Qe2 Qh3
45.Qd1  1/2-1/2

[Event "Oslo GM Open"]
[Site "Oslo NOR"]
[Date "2011.10.06"]
[Round "6.3"]
[White "Tiviakov,S"]
[Black "De Firmian,N"]
[Result "1-0"]
[WhiteElo "2647"]
[BlackElo "2516"]

1.e4 c5 2.Nf3 Nc6 3.d4 cxd4 4.Nxd4 Qb6 5.Nb3 Nf6 6.Nc3 e6 7.Bd3 Be7 8.Be3 Qc7
9.f4 d6 10.Qf3 a6 11.g4 b5 12.g5 Nd7 13.O-O-O Bb7 14.Qh3 Nb4 15.Kb1 Nc5 16.Nxc5 dxc5
17.g6 Nxd3 18.gxf7+ Kxf7 19.cxd3 b4 20.Ne2 Rad8 21.f5 e5 22.Rhg1 Bf6 23.Bg5 Bxg5
24.Qh5+ Kf8 25.Qxg5 Rd6 26.Ng3 Qe7 27.Qe3 Rc6 28.Nh5 g6 29.Qh6+ Ke8  1-0

[Event "Oslo GM Open"]
[Site "Oslo NOR"]
[Date "2011.10.08"]
[Round "8.11"]
[White "De Firmian,N"]
[Black "Gullaksen,E"]
[Result "1-0"]
[WhiteElo "2516"]
[BlackElo "2376"]

1.e4 c5 2.Nf3 Nc6 3.d4 cxd4 4.Nxd4 Nf6 5.Nc3 e5 6.Ndb5 d6 7.a4 Bg4 8.f3 Be6
9.Nd5 Bxd5 10.exd5 Nb4 11.Bc4 Rc8 12.Bb3 a6 13.Nc3 a5 14.Nb5 Be7 15.c3 Na6
16.Be3 O-O 17.O-O Nd7 18.Kh1 Nc7 19.Qd3 f5 20.Na7 Rb8 21.Bc2 Ra8 22.b4 e4
23.fxe4 Ne5 24.Qe2 axb4 25.cxb4 f4 26.Bg1 Qb8 27.Nb5 f3 28.gxf3 Nxb5 29.f4 Nc3
30.Qe3 Ng6 31.f5 Nh8 32.Qxc3 Bf6 33.Qg3 Bxa1 34.Rxa1 Nf7 35.Bd4 Ne5 36.Rg1 Rf7
37.Bb3 Qe8 38.Bxe5 Qxe5 39.Qxe5 dxe5 40.d6 Kf8 41.Bxf7 Kxf7 42.a5 Ra6 43.Rc1  1-0

[Event "3rd Konig Memorial"]
[Site "San Francisco USA"]
[Date "2012.09.22"]
[Round "1"]
[White "Bhat,V"]
[Black "De Firmian,N"]
[Result "1-0"]
[WhiteElo "2511"]
[BlackElo "2510"]

1.d4 Nf6 2.c4 e6 3.Nf3 c5 4.d5 exd5 5.cxd5 d6 6.Nc3 a6 7.a4 g6 8.Nd2 Nbd7
9.e4 Bg7 10.Nc4 Nb6 11.Ne3 O-O 12.Bd3 Re8 13.O-O Qc7 14.Bd2 c4 15.Bc2 Bd7
16.f4 Nxa4 17.Nxa4 b5 18.Nc3 b4 19.Qf3 Qc5 20.Rae1 bxc3 21.Bxc3 Ng4 22.Kh1 Bxc3
23.bxc3 Nxe3 24.Rxe3 Rab8 25.f5 Bxf5 26.Re2 Be6 27.dxe6 fxe6 28.Qf7+ Kh8
29.Qf6+ Kg8 30.e5 Rf8 31.Qxe6+ Kg7 32.Rfe1 dxe5 33.Qxe5+ Qxe5 34.Rxe5 Rb2
35.R5e2 a5 36.h3 Ra2 37.Be4 Ra3 38.Rc1 Rd8 39.Bf3 Rd3 40.Rec2 Re3 41.Bd5 Ra4
42.Kg1 Rd3 43.Bc6 Ra3 44.Bb5 Rd5 45.Bxc4 Rc5 46.Ra2 Rxa2 47.Bxa2 Kf6 48.Kf2 Ke7
49.Ke3 Kd6 50.c4 Rg5 51.g4 Re5+ 52.Kd4 Re2 53.c5+ Kc7 54.Bd5 Rd2+ 55.Ke5 Rh2
56.Rb1 Rxh3 57.Rb7+ Kc8 58.Kd6 h5 59.Ra7  1-0

[Event "3rd Konig Memorial"]
[Site "San Francisco USA"]
[Date "2012.09.22"]
[Round "3"]
[White "Kraai,J"]
[Black "De Firmian,N"]
[Result "0-1"]
[WhiteElo "2514"]
[BlackElo "2510"]

1.Nf3 c5 2.c4 Nc6 3.Nc3 e5 4.g3 g6 5.Bg2 Bg7 6.a3 d6 7.O-O a5 8.Ne1 Be6 9.d3 Nge7
10.Nd5 O-O 11.Nc2 Rb8 12.Nce3 b5 13.Nxe7+ Nxe7 14.Qc2 Qd7 15.Bd2 a4 16.Rab1 bxc4
17.dxc4 Rb3 18.Bc3 f5 19.Rfd1 Nc6 20.Qd2 Nd4 21.Nd5 f4 22.e3 f3 23.exd4 cxd4
24.Bf1 Bxd5 25.cxd5 dxc3 26.bxc3 Rxa3 27.c4 e4 28.c5 dxc5 29.Bb5 Qf5 30.d6 Bd4
31.d7 Qh3 32.Bf1 Qxd7 33.Qc1 Rb3 34.Qc4+ Kg7 35.Rxb3 axb3 36.Qxb3 Qe7 37.Rb1 Rf7
38.Qd5 e3 39.Bc4 e2  0-1

[Event "3rd Konig Memorial"]
[Site "San Francisco USA"]
[Date "2012.09.22"]
[Round "4"]
[White "De Firmian,N"]
[Black "Naroditsky,D"]
[Result "1/2-1/2"]
[WhiteElo "2510"]
[BlackElo "2483"]

1.e4 c5 2.Nf3 d6 3.d4 cxd4 4.Nxd4 Nf6 5.Nc3 a6 6.Be2 e5 7.Nb3 Be7 8.Be3 Be6
9.f4 exf4 10.Bxf4 Nc6 11.Qd2 d5 12.exd5 Nxd5 13.Nxd5 Qxd5 14.O-O-O Qxd2+
15.Rxd2 O-O 16.Bf3 Rac8 17.Kb1 Rfe8 18.Nd4 Nxd4 19.Rxd4 Bf6 20.Rd2 Rc4 21.g3 g5
22.Bd6 b5 23.Bd5 Bxd5 24.Rxd5 Re6 25.c3 a5 26.a3 Rce4 27.Rhd1 Be5 28.Bxe5 R6xe5
29.Rxe5  1/2-1/2

[Event "3rd Konig Memorial"]
[Site "San Francisco USA"]
[Date "2012.09.23"]
[Round "6"]
[White "Anka,E"]
[Black "De Firmian,N"]
[Result "1/2-1/2"]
[WhiteElo "2382"]
[BlackElo "2510"]

1.d4 Nf6 2.c4 e6 3.Nf3 c5 4.d5 exd5 5.cxd5 d6 6.Nc3 g6 7.e4 Bg7 8.h3 O-O
9.Bd3 Nbd7 10.O-O a6 11.a4 Re8 12.Bf4 Qe7 13.Re1 Nh5 14.Bh2 Ne5 15.Be2 Kh8
16.Nxe5 Bxe5 17.Bxh5 Bxh2+ 18.Kxh2 Qe5+ 19.g3 gxh5 20.f4 Qd4 21.Qe2 h4 22.g4 Bd7
23.Rad1 Qf6 24.Qf2 b5 25.e5 dxe5 26.Ne4 Qxf4+ 27.Qxf4 exf4 28.Nxc5 Rxe1 29.Rxe1 Rd8
30.Re7 Bc8 31.d6 Rxd6 32.Re8+ Kg7 33.Rxc8 Rd2+ 34.Kg1 Rxb2 35.axb5 Rxb5 36.Nd3 h5
37.gxh5 Rxh5 38.Kf2 Rb5 39.Ra8 Rb3 40.Nxf4 Ra3 41.Rc8 a5 42.Rc6 a4 43.Ra6 f5
44.Kg2 Kf7 45.Kh2 Kg7 46.Kg2 Kf7 47.Kf2 Kg7 48.Kg2  1/2-1/2

[Event "3rd Konig Memorial"]
[Site "San Francisco USA"]
[Date "2012.09.23"]
[Round "7"]
[White "De Firmian,N"]
[Black "Browne,W"]
[Result "1-0"]
[WhiteElo "2510"]
[BlackElo "2449"]

1.e4 c5 2.Nf3 Nc6 3.d4 cxd4 4.Nxd4 Nf6 5.Nc3 e5 6.Ndb5 d6 7.Bg5 a6 8.Na3 b5
9.Bxf6 gxf6 10.Nd5 f5 11.c3 Bg7 12.exf5 Bxf5 13.Nc2 O-O 14.Nce3 Be6 15.Bd3 f5
16.O-O Kh8 17.a4 b4 18.cxb4 e4 19.Nf4 Bc8 20.b5 Nd4 21.Bc4 axb5 22.Bxb5 Nxb5
23.axb5 Rxa1 24.Qxa1 Be5 25.Ned5 Qg5 26.g3 Rg8 27.Rc1 Bb7 28.Rc7 Bxd5 29.Nxd5 Qd2
30.Ne3 f4 31.Qa7 Bg7 32.Nf1 Qxb2 33.Qb7 Qd4 34.Rc8 e3 35.Qa8  1-0